00472nam a22001817a 450000500170000000800410001701000130005802000260007103500130009703700140011005000120012408200120013610000190014824500390016726000390020627000300024530000150027520120719114547.0120719t xxu||||| |||| 00| 0 eng d aG-002037 a9781405053716c595.00 aG-002037 adplbGift a338.761 a338.761 aVise, David A. aThe Google Storycby David A. Vise aNew Yorkb Pan Macmillan Ltdc2005 a20,New Wharf RoadbLondon a326pc22cm